Spectral line shapes (Record no. 13236)

MARC details
000 -LEADER
fixed length control field 00899nam a2200217Ia 4500
003 - CONTROL NUMBER IDENTIFIER
control field IN-BaIIA
008 - FIXED-LENGTH DATA ELEMENTS--GENERAL INFORMATION
fixed length control field 211028s9999 xx 000 0 eng d
020 ## - INTERNATIONAL STANDARD BOOK NUMBER
International Standard Book Number 1-56396-754-5
040 ## - CATALOGING SOURCE
Transcribing agency IIA Library
080 ## - UNIVERSAL DECIMAL CLASSIFICATION NUMBER
Universal Decimal Classification number 535.338.3(082.1)
Item number SPE
111 ## - MAIN ENTRY--MEETING NAME
Meeting name or jurisdiction name as entry element Conference of American Institute of Physics on Spectral Line Shapes
Number of part/section/meeting 14
Location of meeting Pennsylvania, U.S.A.
Date of meeting or treaty signing 1998 June 22-26
9 (RLIN) 23300
245 #0 - TITLE STATEMENT
Title Spectral line shapes
Remainder of title proceedings of the conference of American Institute of Physics on spectral line shapes, vol. 10, held in Pennsylvania, U.S.A., 22-26 June 1998
Statement of responsibility, etc. edited by R. M. Herman
250 ## - EDITION STATEMENT
Edition statement 14th ed.
260 ## - PUBLICATION, DISTRIBUTION, ETC.
Place of publication, distribution, etc. New York
Name of publisher, distributor, etc. American Institute of Physics
Date of publication, distribution, etc. 1999
300 ## - PHYSICAL DESCRIPTION
Extent xvi, 566p.
490 ## - SERIES STATEMENT
Series statement AIP conference proceedings; v. 467
650 ## - SUBJECT ADDED ENTRY--TOPICAL TERM
Topical term or geographic name entry element Dense plasmas
9 (RLIN) 23301
650 ## - SUBJECT ADDED ENTRY--TOPICAL TERM
Topical term or geographic name entry element Spectral lines
700 ## - ADDED ENTRY--PERSONAL NAME
Personal name Herman, R. M .,ed
9 (RLIN) 23302
942 ## - ADDED ENTRY ELEMENTS (KOHA)
Koha item type Books
Holdings
Withdrawn status Lost status Damaged status Not for loan Home library Current library Shelving location Date acquired Total Checkouts Full call number Barcode Date last seen Price effective from Koha item type
        IIA Library-Bangalore IIA Library-Bangalore General Stacks     535.338.3(082.1)/ SPE 14154 05/11/2021   Books

Powered by Koha